[Event "RA Spring op"]
[Site "Ottawa CAN"]
[Date "2011.03.06"]
[Round "4"]
[White "Levkovsky, Alexandre"]
[Black "Sambuev, Bator"]
[Result "0-1"]
[WhiteElo "2267"]
[BlackElo "2718"]
[PlyCount "72"]
[EventDate "2011.03.04"]
[EventType "swiss"]
[EventRounds "5"]
[EventCountry "CAN"]

1. e4 e6 2. d4 d5 3. Nc3 Bb4 4. e5 c5 5. Bd2 Ne7 6. Nb5 Bxd2+ 7. Qxd2 O-O 8.
dxc5 Nd7 9. Qc3 f6 10. exf6 Nxf6 11. Bd3 Bd7 12. Nd6 b6 13. Nf3 Qc7 14. c6 Nxc6
15. Nb5 Qf4 16. Qd2 Qxd2+ 17. Nxd2 Nb4 18. Nc3 e5 19. a3 Nxd3+ 20. cxd3 Rac8
21. Nf3 d4 22. Ne4 Rc2 23. Ned2 Re8 24. Nc4 e4 25. Nxd4 exd3+ 26. Ne3 d2+ 27.
Ke2 Rxb2 28. Kd3 Ne4 29. Nd1 Bb5+ 30. Ke3 Nc3+ 31. Kf3 Nxd1 32. Rhxd1 Ba4 33.
Rg1 Rf8+ 34. Ke3 Rxf2 35. Kd3 d1=Q+ 36. Raxd1 Bxd1 0-1

[Event "RA Spring op"]
[Site "Ottawa CAN"]
[Date "2011.03.06"]
[Round "5"]
[White "Sambuev, Bator"]
[Black "Voloaca, Mihnea"]
[Result "1-0"]
[WhiteElo "2718"]
[BlackElo "2318"]
[PlyCount "83"]
[EventDate "2011.03.04"]
[EventType "swiss"]
[EventRounds "5"]
[EventCountry "CAN"]

1. d4 d5 2. Nf3 e6 3. e3 Nf6 4. Bd3 c5 5. b3 Nc6 6. O-O Bd6 7. Bb2 Qc7 8. c4
dxc4 9. bxc4 O-O 10. Nc3 a6 11. d5 Ne7 12. h3 e5 13. Ng5 h6 14. Nge4 Nxe4 15.
Nxe4 f5 16. Nxd6 Qxd6 17. f4 Ng6 18. Qd2 Bd7 19. Qc3 Rae8 20. Be2 Re7 21. Bh5
exf4 22. Bxg6 Qxg6 23. exf4 Re2 24. Rf2 Rfe8 25. Raf1 R8e3 26. Rxe2 Rxe2 27.
Rf2 Re4 28. Rf3 Qf6 29. Qd2 Qd6 30. Rg3 g5 31. Qc3 Qg6 32. Qh8+ Kf7 33. Qd8 Qd6
34. Be5 Qe7 35. Qh8 Qf8 36. Qh7+ Ke8 37. Qg6+ Qf7 38. Qxh6 g4 39. Bd6 Kd8 40.
Qh8+ Qe8 41. Qf6+ Kc8 42. Be5 1-0

[Event "Oasis"]
[Site "Montreal CAN"]
[Date "2011.02.25"]
[Round "1"]
[White "Turcotte, Jonathan"]
[Black "Sambuev, Bator"]
[Result "0-1"]
[WhiteElo "1943"]
[BlackElo "2551"]
[PlyCount "60"]
[EventDate "2011.02.25"]
[EventType "swiss"]
[EventRounds "5"]
[EventCountry "CAN"]

1. d4 Nf6 2. c4 g6 3. Nc3 Bg7 4. e4 O-O 5. Nf3 d6 6. Be2 e5 7. O-O Nc6 8. d5
Ne7 9. b4 a5 10. Ba3 axb4 11. Bxb4 b6 12. a4 Ne8 13. a5 c5 14. dxc6 bxa5 15.
Nb5 Nxc6 16. Ba3 Nd4 17. Nfxd4 exd4 18. Rb1 f5 19. exf5 Bxf5 20. Bd3 Qh4 21.
Bb2 Bg4 22. Be2 Bf5 23. Bd3 Rb8 24. g3 Qh3 25. f4 Bd7 26. Re1 Bc6 27. Bf1 Qh5
28. Qxh5 gxh5 29. Bxd4 Rxb5 30. Bxg7 Rxb1 0-1

[Event "Oasis"]
[Site "Montreal CAN"]
[Date "2011.02.26"]
[Round "2"]
[White "Sambuev, Bator"]
[Black "Plante, Michel"]
[Result "1-0"]
[WhiteElo "2551"]
[BlackElo "2128"]
[PlyCount "47"]
[EventDate "2011.02.25"]
[EventType "swiss"]
[EventRounds "5"]
[EventCountry "CAN"]

1. d4 d6 2. Nf3 g6 3. e4 Bg7 4. Bc4 Nf6 5. Qe2 c6 6. e5 Nd5 7. O-O O-O 8. h3 h6
9. Nc3 Nxc3 10. bxc3 d5 11. Bd3 Na6 12. Be3 Nc7 13. Nh4 e6 14. Qg4 g5 15. f4
gxh4 16. f5 exf5 17. Rxf5 Bxf5 18. Qxf5 Re8 19. Bxh6 Ne6 20. Rf1 Qc7 21. Qh7+
Kf8 22. Bg6 Nd8 23. Qxg7+ Ke7 24. Rxf7+ 1-0

[Event "Oasis"]
[Site "Montreal CAN"]
[Date "2011.02.26"]
[Round "3"]
[White "Carter, David"]
[Black "Sambuev, Bator"]
[Result "0-1"]
[WhiteElo "2239"]
[BlackElo "2511"]
[PlyCount "98"]
[EventDate "2011.02.25"]
[EventType "swiss"]
[EventRounds "5"]
[EventCountry "CAN"]

1. c4 Nf6 2. Nc3 g6 3. e4 d6 4. d4 Bg7 5. f4 O-O 6. Nf3 c5 7. dxc5 Qa5 8. Bd3
Qxc5 9. Qe2 Nc6 10. Be3 Qa5 11. O-O Nb4 12. a3 Nxd3 13. Qxd3 Be6 14. Bd4 Rfc8
15. b3 Bg4 16. Ne1 Bd7 17. Ra2 b5 18. Nxb5 Bxb5 19. cxb5 Rc1 20. b4 Qa4 21. Re2
Rac8 22. e5 Rd1 23. Rd2 Rxd2 24. Qxd2 Ne8 25. Qd3 Rd8 26. Nf3 dxe5 27. Nxe5 Nc7
28. Qc4 Ne6 29. Bc5 Rd1 30. Rxd1 Qxd1+ 31. Qf1 Qb3 32. Qd3 Qb2 33. g3 Bxe5 34.
fxe5 Nxc5 35. bxc5 Qc1+ 36. Kg2 Qxc5 37. e6 fxe6 38. Kf3 Kf7 39. Ke2 Ke8 40. a4
Qh5+ 41. Kd2 Qxh2+ 42. Kc3 Qf2 43. Kb4 Qe1+ 44. Kc5 Qa5 45. Qb3 Kd7 46. Qd3+
Kc7 47. Qc4 Qd2 48. b6+ Kb7 49. bxa7 Qd6+ 0-1

[Event "Oasis"]
[Site "Montreal CAN"]
[Date "2011.02.27"]
[Round "4"]
[White "Sambuev, Bator"]
[Black "Jiang, Louie"]
[Result "1-0"]
[WhiteElo "2551"]
[BlackElo "2340"]
[PlyCount "65"]
[EventDate "2011.02.25"]
[EventType "swiss"]
[EventRounds "5"]
[EventCountry "CAN"]

1. d4 Nf6 2. Nf3 e6 3. e3 d5 4. Bd3 Nbd7 5. Nbd2 c5 6. b3 Bd6 7. Bb2 b6 8. O-O
Bb7 9. Ne5 O-O 10. f4 Ne4 11. Bxe4 dxe4 12. Ndc4 Nxe5 13. dxe5 Bc7 14. Nd6 Bxd6
15. exd6 Qd7 16. Qd2 f6 17. Rad1 Rac8 18. g4 Ba6 19. Rf2 Rc6 20. g5 Kf7 21. Rg2
Ke8 22. gxf6 gxf6 23. a4 Qf7 24. d7+ Kd8 25. c4 Bb7 26. Qc3 e5 27. fxe5 Rg8 28.
Qd2 f5 29. Kh1 Rcg6 30. e6 Qxe6 31. Rxg6 Qxg6 32. Qf2 Qg5 33. Qg3 1-0

[Event "Oasis"]
[Site "Montreal CAN"]
[Date "2011.02.27"]
[Round "5"]
[White "Voloaca, Mihnea"]
[Black "Sambuev, Bator"]
[Result "0-1"]
[WhiteElo "2325"]
[BlackElo "2551"]
[PlyCount "102"]
[EventDate "2011.02.25"]
[EventType "swiss"]
[EventRounds "5"]
[EventCountry "CAN"]

1. d4 Nf6 2. c4 e6 3. g3 d5 4. Nf3 Bb4+ 5. Bd2 Bxd2+ 6. Nbxd2 O-O 7. Bg2 c6 8.
O-O b6 9. Re1 Bb7 10. e4 dxe4 11. Nxe4 Nxe4 12. Rxe4 c5 13. Re1 cxd4 14. Qxd4
Nc6 15. Qe3 Qf6 16. Ne5 Nxe5 17. Qxe5 Qxe5 18. Rxe5 Bxg2 19. Kxg2 Rfd8 20. c5
Rac8 21. cxb6 axb6 22. Rb5 Rd6 23. a4 g6 24. Ra3 Rc2 25. Rf3 f5 26. b4 Rb2 27.
h4 Kg7 28. Kh3 h6 29. Kg2 Kf6 30. Re3 g5 31. hxg5+ hxg5 32. g4 f4 33. Re4 Ra2
34. a5 bxa5 35. bxa5 Rc6 36. Kg1 f3 37. Re3 Rc1+ 38. Kh2 Rxf2+ 39. Kg3 Rcf1 40.
Kh3 Re2 41. Rbe5 Rxe3 42. Rxe3 Ra1 43. Rxf3+ Ke5 44. Re3+ Kd5 45. Rd3+ Ke4 46.
Rd6 Kf3 47. Rd3+ Kf4 48. Rb3 e5 49. Rb4+ e4 50. Rb5 e3 51. Rf5+ Ke4 0-1

[Event "Hart House Reading Week op"]
[Site "Toronto CAN"]
[Date "2011.02.19"]
[Round "1"]
[White "Gelis, Paul"]
[Black "Sambuev, Bator"]
[Result "0-1"]
[WhiteElo "2240"]
[BlackElo "2742"]
[PlyCount "68"]
[EventDate "2011.02.19"]
[EventType "swiss"]
[EventRounds "6"]
[EventCountry "CAN"]

1. d4 Nf6 2. Nf3 g6 3. c4 Bg7 4. Nc3 O-O 5. e4 d6 6. Be2 e5 7. d5 a5 8. Bg5 h6
9. Bh4 Na6 10. Nd2 Qe8 11. O-O Bd7 12. Kh1 Nh7 13. Rb1 h5 14. f3 Bf6 15. Bf2
Qe7 16. a3 Bg5 17. b4 axb4 18. axb4 Nf6 19. c5 h4 20. c6 bxc6 21. dxc6 Bxc6 22.
Nc4 Nh5 23. Nd5 Bxd5 24. exd5 Bf4 25. b5 Nc5 26. Bxc5 dxc5 27. b6 cxb6 28. d6
Qg5 29. d7 Ra2 30. Rf2 Ng3+ 31. Kg1 Be3 32. Nxe3 Qxe3 33. hxg3 hxg3 34. d8=Q
Qh6 0-1

[Event "Hart House Reading Week op"]
[Site "Toronto CAN"]
[Date "2011.02.19"]
[Round "2"]
[White "Sambuev, Bator"]
[Black "Aronov, Yuri"]
[Result "1-0"]
[WhiteElo "2742"]
[BlackElo "2320"]
[PlyCount "77"]
[EventDate "2011.02.19"]
[EventType "swiss"]
[EventRounds "6"]
[EventCountry "CAN"]

1. d4 d5 2. c4 e6 3. Nc3 Be7 4. Nf3 Nf6 5. Bg5 O-O 6. e3 h6 7. Bxf6 Bxf6 8. Qb3
c6 9. Bd3 Nd7 10. O-O dxc4 11. Bxc4 c5 12. Rad1 cxd4 13. exd4 Nb6 14. Bd3 Bd7
15. Be4 Bc6 16. Bxc6 bxc6 17. Ne4 Nd5 18. Qa4 Qb6 19. Rd2 Rfd8 20. Rc1 Rac8 21.
Nxf6+ Nxf6 22. Qc4 Ne4 23. Rdc2 Nd6 24. Qc5 Qxc5 25. Rxc5 Nf5 26. R5c4 h5 27.
h3 h4 28. Kf1 Rd6 29. Ke2 f6 30. b4 Rcd8 31. Rxc6 Rxc6 32. Rxc6 Nxd4+ 33. Nxd4
Rxd4 34. a3 a5 35. b5 Rd5 36. b6 Kf7 37. b7 Rb5 38. Rc7+ Kg6 39. Kd3 1-0

[Event "Hart House Reading Week op"]
[Site "Toronto CAN"]
[Date "2011.02.21"]
[Round "4"]
[White "Lahaye, Rick"]
[Black "Sambuev, Bator"]
[Result "1/2-1/2"]
[WhiteElo "2389"]
[BlackElo "2742"]
[PlyCount "107"]
[EventDate "2011.02.19"]
[EventType "swiss"]
[EventRounds "6"]
[EventCountry "CAN"]

1. d4 Nf6 2. Nf3 g6 3. g3 Bg7 4. Bg2 O-O 5. O-O d5 6. Nbd2 Nc6 7. c4 dxc4 8.
Nxc4 Be6 9. b3 Bd5 10. Bb2 Qc8 11. Nfe5 Bxg2 12. Kxg2 Nxe5 13. Nxe5 Rd8 14. Qc2
Nd5 15. Nf3 Qg4 16. e3 c5 17. h3 Qe6 18. Rac1 Nb4 19. Qb1 cxd4 20. Bxd4 Bxd4
21. exd4 Nc6 22. Rfe1 Qf6 23. Re4 Nxd4 24. Rf4 Qb6 25. Rc4 Nxf3 26. Rxf3 Rac8
27. Qe4 Rxc4 28. Qxc4 e6 29. Qf4 Rf8 30. Rc3 Qa5 31. Rc7 b5 32. a4 bxa4 33.
bxa4 a6 34. Ra7 Qb6 35. Qc7 Qxc7 36. Rxc7 Rd8 37. Ra7 Rd6 38. f4 Kg7 39. Kf3 h6
40. h4 g5 41. hxg5 hxg5 42. fxg5 Kg6 43. Ke4 Rc6 44. Kd4 Rb6 45. Kc4 Rd6 46. a5
Kg7 47. Kc5 Rd5+ 48. Kb6 Rxg5 49. Rxa6 Rxg3 50. Ra8 f5 51. a6 f4 52. Re8 Rb3+
53. Kc5 Ra3 54. Rxe6 1/2-1/2

[Event "Hart House Reading Week op"]
[Site "Toronto CAN"]
[Date "2011.02.21"]
[Round "4"]
[White "Sambuev, Bator"]
[Black "Vaingorten, Yaaqov"]
[Result "1-0"]
[WhiteElo "2742"]
[BlackElo "2336"]
[PlyCount "45"]
[EventDate "2011.02.19"]
[EventType "swiss"]
[EventRounds "6"]
[EventCountry "CAN"]

1. d4 f6 2. e4 g6 3. h4 Nh6 4. h5 g5 5. f4 g4 6. f5 d5 7. Bxh6 Bxh6 8. Qxg4 c5
9. Nf3 Nc6 10. Bb5 Bd7 11. O-O Nxd4 12. Bxd7+ Qxd7 13. Nc3 Nxc2 14. exd5 Nxa1
15. Rxa1 O-O-O 16. Re1 Rhg8 17. Qc4 Qxf5 18. Qxc5+ Kb8 19. Nb5 Qxd5 20. Qxa7+
Kc8 21. Rxe7 Qd1+ 22. Ne1 Rxg2+ 23. Kf1 1-0

[Event "Guelph Winter ProAm"]
[Site "Guelph CAN"]
[Date "2011.02.05"]
[Round "1"]
[White "Egorov, Mikhail"]
[Black "Sambuev, Bator"]
[Result "0-1"]
[WhiteElo "2158"]
[BlackElo "2716"]
[PlyCount "63"]
[EventDate "2011.02.05"]
[EventType "swiss"]
[EventRounds "5"]
[EventCountry "CAN"]

1. d4 Nf6 2. c4 g6 3. Nc3 Bg7 4. e4 O-O 5. Nf3 d6 6. Be2 e5 7. Be3 exd4 8. Nxd4
Re8 9. f3 c6 10. Nc2 d5 11. cxd5 cxd5 12. Nxd5 Nxd5 13. Qxd5 Qxd5 14. exd5 Bf5
15. Bb5 Nd7 16. Bxd7 Bxd7 17. Kf2 Rac8 18. Nd4 Re5 19. Rhe1 Rxd5 20. Rad1 a6
21. Ne2 Rxd1 22. Rxd1 Be6 23. b3 Be5 24. Rd2 h5 25. Nf4 Bf5 26. Nd5 Re8 27. Bd4
Kf8 28. Ne3 Bxd4 29. Rxd4 Be6 30. Ke2 Rc8 31. Kd2 a5 32. Nd5 0-1

[Event "Guelph Winter ProAm"]
[Site "Guelph CAN"]
[Date "2011.02.05"]
[Round "2"]
[White "Sambuev, Bator"]
[Black "Guo, Joshua"]
[Result "1-0"]
[WhiteElo "2716"]
[BlackElo "2225"]
[PlyCount "157"]
[EventDate "2011.02.05"]
[EventType "swiss"]
[EventRounds "5"]
[EventCountry "CAN"]

1. d4 Nf6 2. c4 g6 3. Nc3 Bg7 4. e4 d6 5. Nf3 O-O 6. Be2 e5 7. O-O Nc6 8. d5
Ne7 9. Ne1 c6 10. Be3 a5 11. f3 c5 12. Nd3 Nd7 13. Nb5 Ra6 14. a3 a4 15. Nc3
Nb6 16. Nxc5 dxc5 17. Bxc5 Bd7 18. Be3 Ra5 19. c5 Nbc8 20. Rc1 f5 21. b4 axb3
22. Qxb3 Kh8 23. Rfd1 fxe4 24. fxe4 Qe8 25. Qxb7 Rxa3 26. c6 Nxc6 27. dxc6 Bxc6
28. Qb4 Ra8 29. Nd5 Rf7 30. Qc5 Bxd5 31. exd5 Bf8 32. Qc6 Nd6 33. Qxe8 Rxe8 34.
g4 Rb8 35. Rf1 Rb2 36. Rxf7 Nxf7 37. Kf1 Nd6 38. Rc6 Kg8 39. Bf2 Ra2 40. Bg3
Nf7 41. Bc4 Ra1+ 42. Ke2 Bd6 43. Rb6 Kf8 44. Bb3 Ke7 45. Rb7+ Kf8 46. Bc2 Ra3
47. Rb5 Ra1 48. Rb1 Rxb1 49. Bxb1 Ke7 50. Be4 Ba3 51. Kd3 Bd6 52. Bh4+ g5 53.
Bg3 h6 54. Bg6 Nd8 55. Kc4 Nb7 56. Bf5 Nc5 57. Bf2 Nb7 58. Bc8 Nd8 59. h3 Nf7
60. Be6 Nd8 61. Bf5 Nf7 62. Bg6 Nd8 63. h4 Kf8 64. Bf5 Nf7 65. h5 Ke7 66. Kb5
Ba3 67. Bg6 Nd8 68. Be3 Bd6 69. Kb6 Ba3 70. Kc7 Bd6+ 71. Kc8 Ba3 72. Bd2 Bc5
73. Bc3 Bd6 74. Bb2 Nf7 75. Bxf7 Kxf7 76. Kd7 Bb8 77. d6 e4 78. Bd4 Kf8 79. Ke6
1-0

[Event "RA Winter op"]
[Site "Ottawa CAN"]
[Date "2011.01.14"]
[Round "1"]
[White "Pacey, Kevin"]
[Black "Sambuev, Bator"]
[Result "1/2-1/2"]
[WhiteElo "2325"]
[BlackElo "2726"]
[PlyCount "53"]
[EventDate "2011.01.14"]
[EventType "swiss"]
[EventRounds "5"]
[EventCountry "CAN"]

1. c4 Nf6 2. Nf3 e6 3. d4 Bb4+ 4. Bd2 Bxd2+ 5. Qxd2 O-O 6. Nc3 d5 7. e3 Qe7 8.
Bd3 dxc4 9. Bxc4 c5 10. O-O Rd8 11. Qe2 cxd4 12. exd4 a6 13. Rfd1 b5 14. Bb3
Ra7 15. Ne5 Bb7 16. Qe3 Ba8 17. Qh3 Nbd7 18. Re1 Nf8 19. Rad1 Qb4 20. Qe3 Rc7
21. Rd3 Nd5 22. Qd2 Ne7 23. Nxf7 Re8 24. Ng5 Nd5 25. Nxd5 Qxd2 26. Ne7+ Rexe7
27. Rxd2 1/2-1/2

[Event "RA Winter op"]
[Site "Ottawa CAN"]
[Date "2011.01.15"]
[Round "2"]
[White "Sambuev, Bator"]
[Black "Upper, John"]
[Result "1-0"]
[WhiteElo "2726"]
[BlackElo "2201"]
[PlyCount "63"]
[EventDate "2011.01.14"]
[EventType "swiss"]
[EventRounds "5"]
[EventCountry "CAN"]

1. d4 d5 2. c4 c6 3. Nc3 Nf6 4. Nf3 dxc4 5. a4 Bf5 6. e3 e6 7. Bxc4 Bb4 8. O-O
Nbd7 9. Qe2 Bg6 10. Na2 Bd6 11. Nc3 Bb4 12. Rd1 O-O 13. Bd3 Bxd3 14. Rxd3 Qa5
15. e4 e5 16. dxe5 Nxe5 17. Nxe5 Qxe5 18. f4 Qc5+ 19. Be3 Qc4 20. e5 Bxc3 21.
bxc3 Nd5 22. Rad1 Qxa4 23. Bc1 Qc4 24. Qd2 b5 25. h3 a5 26. Rg3 Qc5+ 27. Kh2
Ne7 28. Qd7 Ra7 29. Qg4 Ng6 30. Be3 Qe7 31. Bxa7 Qxa7 32. f5 1-0

[Event "RA Winter op"]
[Site "Ottawa CAN"]
[Date "2011.01.16"]
[Round "4"]
[White "Sapozhnikov, Roman"]
[Black "Sambuev, Bator"]
[Result "0-1"]
[WhiteElo "2412"]
[BlackElo "2726"]
[PlyCount "74"]
[EventDate "2011.01.14"]
[EventType "swiss"]
[EventRounds "5"]
[EventCountry "CAN"]

1. Nf3 Nf6 2. c4 g6 3. Nc3 Bg7 4. g3 O-O 5. Bg2 Nc6 6. O-O e5 7. d3 h6 8. Rb1
a5 9. a3 d6 10. b4 axb4 11. axb4 Be6 12. b5 Ne7 13. Bb2 Qd7 14. Qb3 Bh3 15. Ra1
Bxg2 16. Kxg2 Rab8 17. c5 Nf5 18. cxd6 cxd6 19. e4 Ne7 20. Rfd1 Nh5 21. h3 g5
22. Nd5 Kh8 23. Nxe7 Qxe7 24. Nh2 f5 25. exf5 Rxf5 26. Ng4 Rbf8 27. Rd2 Qd7 28.
Qd5 Nf6 29. Nxf6 Bxf6 30. Ra7 Rf7 31. Ba3 e4 32. Qxe4 d5 33. Qg4 Kg7 34. Rxb7
Qxb7 35. Qxf5 Bc3 36. Qe6 Bxd2 37. Bd6 Bc3 0-1

[Event "RA Winter op"]
[Site "Ottawa CAN"]
[Date "2011.01.16"]
[Round "5"]
[White "Sambuev, Bator"]
[Black "Qin, Zi Yi (Joey)"]
[Result "1/2-1/2"]
[WhiteElo "2726"]
[BlackElo "2354"]
[PlyCount "108"]
[EventDate "2011.01.14"]
[EventType "swiss"]
[EventRounds "5"]
[EventCountry "CAN"]

1. d4 Nf6 2. c4 g6 3. Nc3 Bg7 4. e4 d6 5. Nf3 O-O 6. Be2 e5 7. O-O Nc6 8. d5
Ne7 9. Ne1 Nd7 10. Be3 f5 11. f3 f4 12. Bf2 g5 13. Rc1 Rf6 14. Nd3 Rh6 15. c5
a6 16. Qb3 b6 17. cxd6 cxd6 18. Qa3 Qe8 19. Be1 Nf6 20. Nf2 Bd7 21. Ng4 Rg6 22.
Nxf6+ Rxf6 23. Nd1 Qb8 24. Nf2 a5 25. Qc3 Ra7 26. b3 Rf8 27. Nd3 Rc8 28. Qd2
Rxc1 29. Qxc1 Nc8 30. Bf2 Rc7 31. Qd2 Bf6 32. Kh1 Be8 33. Rg1 Rg7 34. g3 Bd8
35. Qb2 Qc7 36. a4 b5 37. axb5 Bxb5 38. Nxf4 gxf4 39. Bxb5 fxg3 40. Rxg3 Bg5
41. Bg1 Bf4 42. Rxg7+ Kxg7 43. Qg2+ Kh8 44. Qg4 Qc3 45. Bf2 Ne7 46. Bh4 Ng8 47.
Ba4 Qd3 48. Bf2 Qe2 49. Kg2 Bxh2 50. Be8 Bf4 51. Bf7 Nh6 52. Qe6 Kg7 53. Bh5
Be3 54. Qe7+ Kg8 1/2-1/2

[Event "Tula Afromeevoi mem"]
[Site "Tula RUS"]
[Date "2006.06.30"]
[Round "1"]
[White "Ivanov, Igor Y"]
[Black "Sambuev, Bator"]
[Result "0-1"]
[WhiteElo "2405"]
[BlackElo "2489"]
[PlyCount "64"]
[EventDate "2006.06.30"]
[EventType "tourn"]
[EventRounds "15"]
[EventCountry "RUS"]
[Source "ChessBase"]
[SourceDate "2007.11.25"]

1. e4 e5 2. Nf3 Nf6 3. Nxe5 d6 4. Nf3 Nxe4 5. d4 d5 6. Bd3 Bg4 7. O-O Nc6 8.
Re1 Be7 9. c3 f5 10. Qb3 O-O 11. Nbd2 Na5 12. Qa4 Nc6 13. Qb3 Na5 14. Qc2 Nc6
15. h3 Bh5 16. Qb3 Na5 17. Qa4 Nc6 18. Ne5 Nxe5 19. dxe5 Bc5 20. Rf1 Qh4 21.
Nxe4 fxe4 22. Be3 Bxe3 23. fxe3 Qg3 24. Bc2 Qxe3+ 25. Kh1 c6 26. Bb3 Be2 27.
Rxf8+ Rxf8 28. Qd4 Qxd4 29. cxd4 Bd3 30. Re1 Rf2 31. Re3 Rxb2 32. Kh2 Kf7 0-1

[Event "Tula Afromeevoi mem"]
[Site "Tula RUS"]
[Date "2006.07.01"]
[Round "2"]
[White "Sambuev, Bator"]
[Black "Krasnov, Yury"]
[Result "1-0"]
[WhiteElo "2489"]
[BlackElo "2368"]
[PlyCount "111"]
[EventDate "2006.06.30"]
[EventType "tourn"]
[EventRounds "15"]
[EventCountry "RUS"]
[Source "ChessBase"]
[SourceDate "2007.11.25"]

1. c4 c5 2. Nf3 Nf6 3. Nc3 e6 4. g3 b6 5. Bg2 Bb7 6. O-O Be7 7. d4 cxd4 8. Qxd4
d6 9. Rd1 a6 10. b3 Nbd7 11. e4 Qc7 12. Ba3 Nc5 13. e5 dxe5 14. Qxe5 Qxe5 15.
Nxe5 Bxg2 16. Kxg2 Rc8 17. Bb2 O-O 18. Rd4 Rfd8 19. Rxd8+ Rxd8 20. Nc6 Rd7 21.
Nxe7+ Rxe7 22. Ne2 e5 23. f4 Nd3 24. Bxe5 Nxe5 25. fxe5 Rxe5 26. Nd4 Re3 27.
Rd1 g6 28. Kf1 Kg7 29. Re1 Rd3 30. Nc6 Rd6 31. Nb8 a5 32. Na6 g5 33. Nc7 g4 34.
Nb5 Rd7 35. Nc3 Kg6 36. Ke2 Kf5 37. Rf1+ Ke5 38. Ke3 h6 39. Rf4 h5 40. a3 Rd6
41. b4 axb4 42. axb4 Rd7 43. Rf1 Rd6 44. Nb5 Rd7 45. Ra1 Ne4 46. Ra8 Nd2 47.
Re8+ Kf6 48. Rc8 Ke5 49. Ke2 f5 50. c5 bxc5 51. bxc5 Nc4 52. c6 Rd2+ 53. Ke1
Rxh2 54. Re8+ Kd5 55. c7 Nb6 56. Rb8 1-0

[Event "Tula Afromeevoi mem"]
[Site "Tula RUS"]
[Date "2006.07.02"]
[Round "4"]
[White "Sambuev, Bator"]
[Black "Gusev, Aleksey"]
[Result "1-0"]
[WhiteElo "2489"]
[BlackElo "2394"]
[PlyCount "97"]
[EventDate "2006.06.30"]
[EventType "tourn"]
[EventRounds "15"]
[EventCountry "RUS"]
[Source "ChessBase"]
[SourceDate "2007.11.25"]

1. e4 c5 2. c3 Nf6 3. e5 Nd5 4. d4 cxd4 5. cxd4 e6 6. Nf3 b6 7. Nc3 Nxc3 8.
bxc3 Qc7 9. Bd2 Bb7 10. Bd3 d6 11. O-O Nd7 12. Ng5 dxe5 13. Qh5 g6 14. Qh3 Be7
15. Rfe1 a6 16. dxe5 Nc5 17. Bc2 O-O-O 18. Bf4 Rdf8 19. Rab1 f6 20. Ne4 Bxe4
21. Bxe4 g5 22. Bc1 h5 23. Ba3 g4 24. Qe3 h4 25. exf6 Rxf6 26. Qe2 Rhf8 27.
Bxc5 Bxc5 28. Qxa6+ Kd8 29. Kh1 Bxf2 30. Red1+ Ke7 31. Qb5 Bc5 32. a4 e5 33.
Qc4 Bd6 34. Qe2 Qc5 35. Bd5 Rf2 36. Qd3 R8f6 37. a5 bxa5 38. Qh7+ Ke8 39. Qg8+
Ke7 40. Rb7+ Bc7 41. Qh7+ Ke8 42. Qh5+ Ke7 43. Qxh4 Ke8 44. Qh8+ Ke7 45. Bc4
Qd6 46. Qg7+ Rf7 47. Qxf7+ Rxf7 48. Rxd6 Kxd6 49. Bxf7 1-0

[Event "Tula Afromeevoi mem"]
[Site "Tula RUS"]
[Date "2006.07.02"]
[Round "5"]
[White "Bagirov, Rufat"]
[Black "Sambuev, Bator"]
[Result "1/2-1/2"]
[WhiteElo "2468"]
[BlackElo "2489"]
[PlyCount "104"]
[EventDate "2006.06.30"]
[EventType "tourn"]
[EventRounds "15"]
[EventCountry "RUS"]
[Source "ChessBase"]
[SourceDate "2007.11.25"]

1. d4 Nf6 2. c4 e6 3. Nf3 b6 4. g3 Ba6 5. b3 Bb4+ 6. Bd2 Be7 7. Bg2 c6 8. Bc3
d5 9. Ne5 Nfd7 10. Nxd7 Nxd7 11. Nd2 O-O 12. O-O Rc8 13. e4 b5 14. Re1 bxc4 15.
bxc4 dxc4 16. Qa4 Bb5 17. Qc2 Re8 18. a4 Ba6 19. Rad1 Bf8 20. Nf1 Qb6 21. Rb1
Qc7 22. Ne3 Rb8 23. Bf1 e5 24. Rxb8 Rxb8 25. Bxc4 Bxc4 26. Nxc4 exd4 27. Bxd4
Bc5 28. Bxc5 Nxc5 29. e5 Rb4 30. Nd6 Ne6 31. a5 c5 32. a6 Rb6 33. Qd3 h6 34.
Rc1 Qc6 35. Nf5 Kh8 36. Ne7 Qc7 37. Nd5 Qd7 38. Qc4 Rb2 39. Nf4 Rb4 40. Qd5
Qxd5 41. Nxd5 Rd4 42. Ne7 Ra4 43. f4 Rxa6 44. f5 Nd4 45. Rxc5 Ra2 46. h3 a5 47.
e6 fxe6 48. Ng6+ Kh7 49. Nf8+ Kg8 50. Nxe6 Nxe6 51. fxe6 Kf8 52. Rc7 g5 1/2-1/2

[Event "Tula Afromeevoi mem"]
[Site "Tula RUS"]
[Date "2006.07.03"]
[Round "6"]
[White "Sambuev, Bator"]
[Black "Castaneda, Georgui"]
[Result "1/2-1/2"]
[WhiteElo "2489"]
[BlackElo "2451"]
[PlyCount "135"]
[EventDate "2006.06.30"]
[EventType "tourn"]
[EventRounds "15"]
[EventCountry "RUS"]
[Source "ChessBase"]
[SourceDate "2007.11.25"]

1. d4 Nf6 2. c4 e6 3. Nf3 b6 4. g3 Ba6 5. b3 Bb4+ 6. Bd2 Be7 7. Bg2 c6 8. Bc3
d5 9. Nbd2 Nbd7 10. O-O O-O 11. Re1 c5 12. e4 dxe4 13. Nxe4 Nxe4 14. Rxe4 Bb7
15. Re3 Bf6 16. dxc5 Bxc3 17. Rxc3 Nxc5 18. Qe2 Qf6 19. Qe5 Qxe5 20. Nxe5 Bxg2
21. Kxg2 f6 22. Nc6 Rf7 23. Rd1 Rc7 24. Nb4 a5 25. Nc2 Rcc8 26. Kf3 Rd8 27.
Rxd8+ Rxd8 28. Ke3 Rd1 29. a3 Rc1 30. b4 Na4 31. Kd2 Rh1 32. Rb3 Rxh2 33. Ke3
Rh5 34. Nd4 Kf7 35. f4 axb4 36. axb4 e5 37. Nf3 exf4+ 38. gxf4 g5 39. fxg5 fxg5
40. Kd4 g4 41. Ne5+ Ke6 42. Re3 Kf5 43. Nc6 Rh1 44. Ne7+ Kg5 45. Re5+ Kf6 46.
Nd5+ Kg6 47. Nf4+ Kf7 48. Rf5+ Kg7 49. Rg5+ Kf6 50. Rg8 Rd1+ 51. Ke3 Re1+ 52.
Kd4 Kf5 53. Rf8+ Kg5 54. Ng2 Re6 55. Ra8 Nb2 56. c5 bxc5+ 57. bxc5 Nd1 58. Rc8
Rg6 59. c6 g3 60. Kc5 Nb2 61. Kd5 Rg7 62. c7 Nd3 63. Kd6 Rg6+ 64. Ke7 Ne5 65.
Re8 Rg7+ 66. Kd6 Nc4+ 67. Kc6 Na5+ 68. Kd6 1/2-1/2

[Event "Tula Afromeevoi mem"]
[Site "Tula RUS"]
[Date "2006.07.04"]
[Round "7"]
[White "Novikov, Maxim"]
[Black "Sambuev, Bator"]
[Result "1/2-1/2"]
[WhiteElo "2533"]
[BlackElo "2489"]
[PlyCount "89"]
[EventDate "2006.06.30"]
[EventType "tourn"]
[EventRounds "15"]
[EventCountry "RUS"]
[Source "ChessBase"]
[SourceDate "2007.11.25"]

1. e4 c5 2. Nf3 Nc6 3. d4 cxd4 4. Nxd4 Nf6 5. Nc3 e6 6. Ndb5 d6 7. Bf4 e5 8.
Bg5 a6 9. Na3 b5 10. Nd5 Be7 11. Bxf6 Bxf6 12. c3 O-O 13. Nc2 Bg5 14. a4 bxa4
15. Rxa4 a5 16. Bc4 Rb8 17. b3 Kh8 18. O-O f5 19. exf5 Bxf5 20. Nce3 Be6 21.
Qd3 Qd7 22. Ra2 Qf7 23. Qe4 Qb7 24. Rd1 g6 25. Re1 Ne7 26. Qd3 Bxe3 27. Nxe3 d5
28. Ba6 Qxb3 29. Rxa5 Qb2 30. Nd1 Qb6 31. Ra4 Nc6 32. Ra1 Rf4 33. Re2 Qc7 34.
Rea2 Ra8 35. Ra3 Ne7 36. Ne3 Raf8 37. Nd1 Kg8 38. Bb5 Qc5 39. Ra5 Kg7 40. Qe2
Re4 41. Qd2 Ref4 42. Bd3 Qd6 43. Ra7 Bc8 44. h3 Kh8 45. Bb5 1/2-1/2

[Event "Tula Afromeevoi mem"]
[Site "Tula RUS"]
[Date "2006.07.04"]
[Round "8"]
[White "Sambuev, Bator"]
[Black "Khruschiov, Alexey"]
[Result "1-0"]
[WhiteElo "2489"]
[BlackElo "2408"]
[PlyCount "83"]
[EventDate "2006.06.30"]
[EventType "tourn"]
[EventRounds "15"]
[EventCountry "RUS"]
[Source "ChessBase"]
[SourceDate "2007.11.25"]

1. e4 c5 2. Nf3 Nc6 3. d4 cxd4 4. Nxd4 Nf6 5. Nc3 d6 6. Bg5 e6 7. Qd2 a6 8.
O-O-O h6 9. Be3 Be7 10. f3 Nxd4 11. Bxd4 b5 12. Kb1 Rb8 13. Ba7 Rb7 14. Be3 Nd7
15. Qe1 Qa5 16. Qg3 Rc7 17. e5 dxe5 18. Qxg7 Bf6 19. Qg3 Bb7 20. Ne4 Bxe4 21.
fxe4 Nc5 22. Bd3 Nxd3 23. Rxd3 Qa4 24. Rd2 Qxe4 25. Rf1 Be7 26. Qg7 Rf8 27.
Bxh6 Rc5 28. g4 a5 29. h4 a4 30. a3 b4 31. axb4 Rb5 32. Rfd1 Rd5 33. h5 Rxd2
34. Rxd2 Bxb4 35. Rd3 Bc5 36. Rc3 Qd5 37. Rxc5 Qxc5 38. g5 e4 39. Qxf8+ Qxf8
40. Bxf8 Kxf8 41. h6 e3 42. Kc1 1-0